000 01110 a2200205 4500
001 58211
005 20260407155840.0
008 260407a1983 arg spa d
003 AR-UNSa-BCEJYS
040 _aAR-UNSa-BCEJYS
_bspa
_cAR-UNSa-BCEJYS
080 _a338.439
_xEconomía de la producción y provisión de alimentos. Economía de la industria alimentaria. Aspectos económicos de la alimentación. Abastecimiento. Oferta (Carne, leche...)
245 1 0 _aEstudio del mercado mundial de camarones, gambas y langostino
264 1 _aGinegra :
_bCCI (Centro de Comercio Internacional)
_c1983
300 _axvii, 304 p.
_c23 cm.
505 _a1. Resumen de las principales conclusiones – 2. Recomendaciones – 3. Producción regional y nacional – 4. Bélgica – 5. Francia – 6. República Federal de Alemania – 7. Italia – 8. Países bajos – 9. España – 10. Reino unido – 11. Estados unidos de América – 12. Japón – 13. Hong Kong – 14. Australia
041 _aspa
942 _cBK
590 _aniveau_biblio:m niveau_hierar:0
100 1 _aCentro de Comercio Internacional (CCI)
999 _c6409
_d6409